[Event "36th European Club Cup 2021"]
[Site "Struga"]
[Date "2021.09.22"]
[Round "5.31"]
[White "Gukesh D"]
[Black "Indjic, Aleksandar"]
[Result "1-0"]
[WhiteElo "2599"]
[BlackElo "2629"]
[Annotator "TA"]
[PlyCount "107"]
[EventDate "2021.09.18"]
[EventType "team-tourn"]
[EventCountry "MKD"]
[SourceTitle "playchess.com"]
[Source "ChessBase"]
[SourceQuality "1"]

{[%evp 21,107,24,31,18,22,25,11,16,16,16,25,16,34,33,33,0,0,0,0,0,0,0,0,0,0,0,
0,0,0,-37,36,32,45,48,48,47,56,50,43,47,42,35,29,31,27,0,9,12,9,8,12,18,28,28,
22,25,25,28,239,207,298,222,722,704,639,568,945,943,938,931,924,937,899,909,
914,888,852,881,854,845,827,806,782,766,736,728,687,651]} 1. d4 Nf6 2. c4 e6 3.
Nc3 c5 4. d5 exd5 5. cxd5 d6 6. e4 g6 7. f4 Bg7 8. Bb5+ Nfd7 9. a4 O-O 10. Nf3
Na6 11. O-O Nb4 {The main line 11...Nb4 scores better than 11...Nc7.} 12. f5 {
A67: Modern Benoni: Taimanov Variation.} Ne5 13. Nxe5 Bxe5 14. Bf4 {The
position is equal.} Bxf4 15. Rxf4 a6 16. Bc4 {[#]} Qf6 $146 ({Predecessor:} 
16... Qg5 17. Qf3 Nc2 18. Rf1 Nd4 19. Qf2 Qh6 20. Ne2 Nxe2+ 21. Qxe2 Bd7 22.
Qf2 Bxa4 {1-0 (30) Nguyen,Q (2242)-Vasli,A (2384) Chess.com INT 2021}) 17. Qd2
{fxg6 is the strong threat.} Qe5 18. Rf3 Qd4+ 19. Qxd4 cxd4 20. Ne2 Re8 $1 21.
fxg6 hxg6 22. Ng3 Nc2 23. Rc1 Ne3 {aiming for ...Bg4.} 24. Be2 Kf8 25. b3 Rb8 (
{Black should play} 25... Bd7 $1 $15) 26. h3 $14 Bd7 27. Bd3 Rbc8 28. Rxc8 Rxc8
29. Ne2 Nc2 30. Bxc2 Rxc2 31. Nxd4 {[%mdl 4096] Endgame KRB-KRN} Rd2 32. Ne6+
Ke7 33. Nf4 (33. Ng5 {is interesting.} f5 34. Re3 Kd8 35. h4 fxe4 36. Rxe4 Rxd5
37. Ne6+) 33... b5 34. axb5 Bxb5 {White must now prevent ...g5.} 35. h4 Rd4 (
35... Bd7 {looks sharper.} 36. Kh2 Rd4 37. Re3 Bg4 38. Kg3 Bd1) 36. Re3 Kf6 37.
Nh3 Rd1+ 38. Kf2 Ke5 39. Ng5 Rf1+ $2 {Black cannot hold the game after this.} (
39... f6 $11 {and Black stays safe.} 40. Nf7+ Kd4) 40. Kg3 $18 Kd4 (40... Be8 {
was called for.} 41. Rc3 Rb1 42. Nf3+ Kf6) 41. Rf3 Rxf3+ $2 (41... f6 42. Nh7
Kxe4) 42. Kxf3 {KB-KN. White is clearly winning.} ({Worse is} 42. gxf3 Be8 $11)
42... Be8 43. Kf4 Kc3 {[#]} 44. g4 $1 f6 45. Nh7 g5+ 46. hxg5 fxg5+ 47. Kxg5
Kxb3 48. Nf6 Bb5 49. Kf5 a5 {[#]} 50. g5 $1 {[%cal Rg5g6]} a4 51. g6 a3 52. g7
a2 53. g8=Q a1=Q 54. Qg3+ {[%mdl 64] Double Attack.  Weighted Error Value:
White=0.04/Black=0.27} 1-0

[Event "36th European Club Cup 2021"]
[Site "Struga"]
[Date "2021.09.22"]
[Round "5.32"]
[White "Ivanisevic, Ivan"]
[Black "Dudin, Gleb"]
[Result "1/2-1/2"]
[WhiteElo "2582"]
[BlackElo "2434"]
[Annotator "TA"]
[PlyCount "166"]
[EventDate "2021.09.18"]
[EventType "team-tourn"]
[EventCountry "MKD"]
[SourceTitle "playchess.com"]
[Source "ChessBase"]
[SourceQuality "1"]

{[%evp 10,166,0,0,-4,-4,0,-8,-5,-20,-16,-25,-22,-29,-17,-14,6,-28,-5,-5,-6,-29,
-22,-35,-40,-31,-33,-38,-34,-39,-31,-56,-35,-52,0,-24,-9,-62,-62,-124,-121,
-147,-131,-162,-157,-178,-166,-152,-161,-162,-148,-133,-93,-108,-108,-151,-102,
-116,-86,-87,-87,-104,-103,-109,-112,-134,-135,-134,-136,-131,-125,-135,-135,
-130,-105,-111,-100,-110,-133,-121,-63,-109,-62,-113,-113,-157,-61,-77,-17,
-147,-150,-262,-196,-196,-202,-189,-157,-226,-192,-266,-269,-339,-342,-374,
-382,-506,-530,-516,-516,-495,-483,-532,-383,-370,-351,-367,-371,-437,-78,-76,
0,0,0,-77,-83,-83,-80,-76,-76,-156,-172,-359,-83,-118,-120,-113,-71,-71,-71,
-71,-71,-71,-71,-71,-71,-71,-71,-71,-71,-71,-71,-71,-71,-71,-71,-71,-71,-71,
-71]} 1. c4 c6 2. Nf3 Nf6 3. g3 d5 4. Qc2 Bg4 5. Bg2 e6 6. O-O Nbd7 {A11:
English Opening: 1...c6.} 7. d3 Bd6 8. h3 Bh5 {The position is equal.} 9. Nc3 {
[#]} O-O $146 ({Predecessor:} 9... Bg6 10. cxd5 exd5 11. Re1 O-O 12. e4 dxe4
13. dxe4 Re8 14. Nh4 Qc7 15. Nxg6 hxg6 {0-1 (44) Lagunow,E (1678)-Scheftlein,R
(1846) Hannover 2013}) 10. e4 Bxf3 11. Bxf3 {[%cal Re4d5]} dxc4 12. dxc4 e5 13.
Bd2 Nc5 14. Rad1 Ne6 15. Ne2 a5 16. Bc3 Qc7 17. b3 Rfd8 18. Bg2 h5 19. Kh1 h4
20. Qb2 Nc5 21. Qc2 Ne6 ({Black should play} 21... Qe7 $15) 22. gxh4 Nh5 23.
Ng3 (23. Qb2 $11) 23... Nhf4 $15 24. Nf5 (24. Qb2 $15) 24... Bc5 $17 25. h5
Nxh5 26. Qb2 f6 27. a3 Nhf4 28. b4 axb4 29. axb4 Bf8 30. Bd2 Qf7 31. Bxf4 Nxf4
(31... exf4 $6 32. c5 $11) 32. Qb3 Kh7 33. Rg1 Rxd1 34. Rxd1 b5 35. Bf1 Ra4 {
[%cal Ba8a4,Ba4b4,Bb4b2][%mdl 32]} 36. Qg3 Rxb4 37. Qh4+ Qh5 38. Qxh5+ Nxh5 39.
cxb5 cxb5 40. Rc1 Nf4 41. Kh2 Rb2 42. Kg3 Bb4 43. h4 Ba5 44. Rd1 Kh8 (44...
Nh5+ $17 45. Kh3 Rxf2 46. Bxb5 Rf3+ 47. Kg2 Rb3) 45. Kg4 Bb6 46. h5 (46. Rd6
$15 Bxf2 47. Rd8+ Kh7 48. Rb8) 46... Rxf2 (46... Bxf2 $6 47. Rd8+ Kh7 48. Rd7
$11) 47. Nh4 Kh7 ({Black should try} 47... b4 $17 48. Bc4 Kh7) 48. Bxb5 $15 Ne6
({Better is} 48... Ne2 $17 49. Bxe2 Rxe2) 49. Ng6 (49. Rf1 $1 $11) 49... Rg2+
$17 50. Kf3 (50. Kh3 $17 Rb2 51. Bc6) 50... Rg5 {Strongly threatening ...Nd4+.}
51. Be8 Nd4+ 52. Kf2 Kh6 53. Rh1 (53. Nh8 $17 Nf5+ 54. Ke2 Rg2+ 55. Kd3 Rg3+
56. Kd2) 53... Rg4 ({Don't play} 53... Rxh5 54. Rxh5+ Kxh5 55. Nxe5+ Kg5 56.
Nf3+ Kf4 57. Nxd4 $17) 54. Rb1 (54. Nh8 $142) 54... Bc5 $19 55. Nh8 Kg5 ({
Worse is} 55... Rxe4 56. Nf7+ Kh7 57. Ng5+ $1 fxg5 58. Bg6+ Kh6 59. Bxe4 $11)
56. Kf1 Kf4 57. Rc1 Bb4 {Hoping for ...Kg3.} 58. Rb1 Bd2 59. Ng6+ Kxe4 60. Bd7
f5 61. Bc8 Kd5 62. Bb7+ Kd6 {White must now prevent ...e4.} 63. Bg2 f4 $2 (
63... e4 $19 {has better winning chances. And now ...e3 would win.} 64. Rb8 e3
65. Rd8+ Kc7 66. Rxd4 Rxd4) 64. Rb6+ $17 Kc7 65. Rb7+ Kd6 {Threatens to win
with ...f3.} 66. Rb6+ Kc5 67. Nxe5 Rg5 68. Nd7+ Kc4 69. h6 (69. Be4 $142) 69...
gxh6 {...Be3 is the strong threat.} 70. Rxh6 $2 {[#]} (70. Be4 {keeps fighting.
}) 70... Be3 $2 (70... Ra5 $1 $19 {[%cal Ra5a1]} 71. Kg1 f3 {[%mdl 64]
Discovered Attack} 72. Bf1+ Kc3) 71. Nb6+ {Black is better.} Kd3 {( -> ...f3)}
72. Nd5 f3 (72... Nf5 {looks sharper.} 73. Ra6 f3 74. Ra3+ Ke4 75. Nf6+ Ke5)
73. Nxe3 Kxe3 ({Much worse is} 73... Rxg2 $6 74. Nxg2 fxg2+ 75. Kxg2 $14) 74.
Bxf3 Nxf3 {[%csl Gf3][%cal Rg5g1][%mdl 4096] Endgame KRN-KR} (74... Kxf3 {
is interesting.} 75. Rh3+ Ke4 76. Rh8 Rg6 77. Kf2 Rf6+) 75. Re6+ Kf4 76. Kf2
Nh4 77. Rf6+ Nf5 78. Rf8 Rh5 79. Ke2 Rh3 80. Kd2 Ke4 81. Re8+ Kd5 82. Rd8+ Nd6
83. Ke2 Ke5 {Weighted Error Value: White=0.24/Black=0.15} 1/2-1/2

[Event "36th European Club Cup 2021"]
[Site "Struga"]
[Date "2021.09.22"]
[Round "5.33"]
[White "Boskovic, Drasko"]
[Black "Miladinovic, Igor"]
[Result "1/2-1/2"]
[WhiteElo "2457"]
[BlackElo "2536"]
[Annotator "ChessBase"]
[PlyCount "83"]
[EventDate "2021.09.18"]
[EventType "team-tourn"]
[EventCountry "MKD"]
[SourceTitle "playchess.com"]
[Source "ChessBase"]
[SourceQuality "1"]
[TimeControl "40/5400+30:1800+30"]

1. e4 {[%emt 0:00:03]} c6 {[%emt 0:00:08]} 2. Nf3 {[%emt 0:00:46]} d5 {[%emt 0:
00:18]} 3. exd5 {[%emt 0:00:05]} cxd5 {[%emt 0:00:09]} 4. Ne5 {[%emt 0:00:04]}
a6 {[%emt 0:00:31]} 5. d4 {[%emt 0:00:47]} g6 {[%emt 0:00:32]} 6. Bd3 {[%emt 0:
03:12]} Bg7 {[%emt 0:01:06]} 7. c3 {[%emt 0:06:28]} Nh6 {[%emt 0:01:24]} 8. O-O
{[%emt 0:00:20]} O-O {[%emt 0:00:15]} 9. Re1 {[%emt 0:01:31]} Nc6 {[%emt 0:03:
34]} 10. h3 {[%emt 0:02:21]} f6 {[%emt 0:03:46]} 11. Nf3 {[%emt 0:03:14]} e5 {
[%emt 0:02:10]} 12. c4 {[%emt 0:13:38]} Nxd4 {[%emt 0:15:46]} 13. Nxd4 {
[%emt 0:00:17]} exd4 {[%emt 0:00:06]} 14. c5 {[%emt 0:17:33]} Qa5 {[%emt 0:09:
52]} 15. b3 {[%emt 0:01:30]} Bd7 {[%emt 0:05:52]} 16. Ba3 {[%emt 0:00:07]} Rfe8
{[%emt 0:00:57]} 17. Rxe8+ {[%emt 0:00:58]} Rxe8 {[%emt 0:00:16]} 18. b4 {
[%emt 0:00:03]} Qc7 {[%emt 0:07:47]} 19. Nd2 {[%emt 0:00:44]} g5 {[%emt 0:09:
01]} 20. Qf3 {[%emt 0:09:28]} Qe5 {[%emt 0:05:08]} 21. Nf1 {[%emt 0:00:11]} g4
{[%emt 0:03:52]} 22. hxg4 {[%emt 0:00:10]} Bxg4 {[%emt 0:00:13]} 23. Qg3 {
[%emt 0:00:04]} Bf5 {[%emt 0:00:27]} 24. Rd1 {[%emt 0:01:18]} Be4 {[%emt 0:03:
26]} 25. Bb2 {[%emt 0:02:42]} Qh5 {[%emt 0:03:23]} 26. f3 {[%emt 0:04:30]} Nf5
{[%emt 0:03:25]} 27. Qh2 {[%emt 0:00:37]} Qxh2+ {[%emt 0:09:40]} 28. Kxh2 {
[%emt 0:00:06]} Bxd3 {[%emt 0:00:05]} 29. Rxd3 {[%emt 0:00:04]} Re2 {[%emt 0:
01:03]} 30. Bxd4 {[%emt 0:00:11]} Rxa2 {[%emt 0:00:50]} 31. Ne3 {[%emt 0:00:30]
} Ne7 {[%emt 0:01:23]} 32. Bc3 {[%emt 0:03:09]} Ra3 {[%emt 0:01:59]} 33. Nc2 {
[%emt 0:00:08]} Ra4 {[%emt 0:02:15]} 34. Ne3 {[%emt 0:00:21]} f5 {[%emt 0:01:
29]} 35. Bxg7 {[%emt 0:00:06]} Kxg7 {[%emt 0:00:04]} 36. Nxd5 {[%emt 0:00:07]}
Nxd5 {[%emt 0:00:08]} 37. Rxd5 {[%emt 0:00:05]} Rxb4 {[%emt 0:00:04]} 38. Rxf5
{[%emt 0:00:06]} a5 {[%emt 0:04:03]} 39. c6 {[%emt 0:00:29]} bxc6 {[%emt 0:00:
27]} 40. Rxa5 {[%emt 0:00:00]} Rb7 {[%emt 0:00:00]} 41. Kg3 {[%emt 0:00:10]}
Kf6 {[%emt 0:02:18]} 42. Kf4 {[%emt 1:03:17]} 1/2-1/2

[Event "36th European Club Cup 2021"]
[Site "Struga"]
[Date "2021.09.22"]
[Round "5.34"]
[White "Perunovic, Milos"]
[Black "Tadic, Stefan"]
[Result "1-0"]
[WhiteElo "2566"]
[BlackElo "2339"]
[Annotator "ChessBase"]
[PlyCount "67"]
[EventDate "2021.09.18"]
[EventType "team-tourn"]
[EventCountry "MKD"]
[SourceTitle "playchess.com"]
[Source "ChessBase"]
[SourceQuality "1"]
[TimeControl "40/5400+30:1800+30"]

1. e4 {[%emt 0:00:06]} c5 {[%emt 0:00:17]} 2. Nf3 {[%emt 0:00:32]} g6 {[%emt 0:
00:29]} 3. d4 {[%emt 0:02:11]} cxd4 {[%emt 0:00:06]} 4. Nxd4 {[%emt 0:00:05]}
Nc6 {[%emt 0:01:22]} 5. c4 {[%emt 0:00:55]} Nf6 {[%emt 0:01:06]} 6. Nc3 {
[%emt 0:00:08]} Nxd4 {[%emt 0:00:12]} 7. Qxd4 {[%emt 0:00:07]} d6 {[%emt 0:00:
05]} 8. Bg5 {[%emt 0:12:56]} Bg7 {[%emt 0:00:21]} 9. Qd2 {[%emt 0:00:07]} O-O {
[%emt 0:02:10]} 10. Bd3 {[%emt 0:00:38]} Be6 {[%emt 0:02:50]} 11. O-O {[%emt 0:
00:33]} Qa5 {[%emt 1:27:02]} 12. Rae1 {[%emt 0:24:33]} Rfc8 {[%emt 0:00:00]}
13. b3 {[%emt 0:00:51]} Nd7 {[%emt 0:00:00]} 14. Rc1 {[%emt 0:05:44]} Rc6 {
[%emt 0:00:00]} 15. f4 {[%emt 0:11:45]} Bd4+ {[%emt 0:00:00]} 16. Kh1 {[%emt 0:
00:05]} f6 {[%emt 0:00:00]} 17. Bh6 {[%emt 0:07:04]} Bf7 {[%emt 0:00:00]} 18.
Be2 {[%emt 0:01:31]} Bxc3 {[%emt 0:00:00]} 19. Rxc3 {[%emt 0:00:10]} b5 {
[%emt 0:00:00]} 20. e5 {[%emt 0:11:46]} bxc4 {[%emt 0:00:00]} 21. Bf3 {[%emt 0:
01:27]} d5 {[%emt 0:00:00]} 22. b4 {[%emt 0:01:12]} Qc7 {[%emt 0:00:00]} 23.
Bxd5 {[%emt 0:00:59]} Bxd5 {[%emt 0:00:00]} 24. Qxd5+ {[%emt 0:00:03]} e6 {
[%emt 0:00:00]} 25. Qf3 {[%emt 0:00:05]} Re8 {[%emt 0:00:00]} 26. h4 {[%emt 0:
06:52]} f5 {[%emt 0:00:00]} 27. h5 {[%emt 0:00:44]} Nb6 {[%emt 0:00:00]} 28.
Rd1 {[%emt 0:01:57]} Na4 {[%emt 0:03:04]} 29. Ra3 {[%emt 0:01:19]} c3 {[%emt 0:
01:24]} 30. Rxa4 {[%emt 0:00:24]} c2 {[%emt 0:00:08]} 31. Rc1 {[%emt 0:00:04]}
Rc3 {[%emt 0:01:40]} 32. Rxa7 {[%emt 0:00:43]} Qc6 {[%emt 0:02:50]} 33. Qxc6 {
[%emt 0:00:32]} Rxc6 {[%emt 0:00:04]} 34. Rg7+ {[%emt 0:00:09]} 1-0

[Event "36th European Club Cup 2021"]
[Site "Struga"]
[Date "2021.09.22"]
[Round "5.35"]
[White "Gotovusa, Goran"]
[Black "Miljkovic, Miroslav D"]
[Result "1/2-1/2"]
[WhiteElo "2161"]
[BlackElo "2470"]
[Annotator "TA"]
[PlyCount "167"]
[EventDate "2021.09.18"]
[EventType "team-tourn"]
[EventCountry "MKD"]
[SourceTitle "playchess.com"]
[Source "ChessBase"]
[SourceQuality "1"]

{[%evp 17,167,4,29,-3,0,-2,8,-10,-10,-10,-10,-10,-14,-7,-3,-10,-12,-12,0,-43,
-44,-40,-35,-33,-35,-50,-52,-45,-43,-54,-51,-45,-14,-20,-13,-16,-13,-22,0,0,0,
0,0,-63,0,0,0,0,0,0,0,-1,0,0,0,0,0,0,0,0,0,0,0,0,0,0,0,0,0,0,0,0,0,0,0,0,0,0,0,
0,0,0,0,0,0,0,0,0,0,-24,-24,-43,-43,-42,-43,-39,0,0,0,0,0,0,0,0,0,0,0,0,0,-8,0,
0,0,-8,0,0,0,0,0,0,0,0,0,0,0,0,0,0,0,0,0,0,0,0,0,0,0,0,0,0,0,0,0,0,0,0,0,0,0,0,
0,0]} 1. d4 d5 2. e3 Nf6 3. Nf3 Bg4 4. Be2 c6 5. O-O e6 6. b3 Nbd7 7. Bb2 Be7
8. Nbd2 O-O 9. h3 Bh5 10. Ne5 {A06: Réti Opening: 1 Nf3 d5.} Bxe2 11. Qxe2 Rc8
{[#]} 12. e4 $146 ({Predecessor:} 12. c4 Nxe5 13. dxe5 Nd7 14. e4 Bb4 15. Rad1
Qa5 16. a3 Bxd2 17. Rxd2 Nb6 18. b4 {1-0 (52) Weber,M-Bryjak,H Ruhrgebiet 1999}
) 12... dxe4 13. Nxe4 Nxe4 14. Qxe4 Nxe5 15. dxe5 Qa5 16. a4 Rfd8 17. Rad1 Bb4
18. Rxd8+ Rxd8 19. Bc1 Bc3 20. f4 Qc5+ 21. Be3 Bd4 22. Bxd4 Rxd4 $15 {[%mdl
4096] Endgame KQR-KQR} 23. Qe3 Qd5 24. Qf3 Qd7 25. Qc3 h5 26. Rf3 Rd1+ 27. Kh2
Qd2 (27... h4 {is interesting.} 28. Rd3 Rxd3 29. cxd3 g6 30. b4 Kg7) 28. Qxd2
Rxd2 $11 {KR-KR} 29. Rd3 Rxc2 30. Rd8+ $1 Kh7 31. Rd7 Kg6 32. Rxb7 a5 33. h4 c5
34. Rb5 c4 35. Rxa5 cxb3 36. Rb5 Ra2 37. Rxb3 Rxa4 38. Rg3+ Kh6 39. Rf3 Re4 40.
Kh3 Re1 41. Ra3 Rh1+ 42. Kg3 Kg6 43. Rb3 Rc1 44. Ra3 Rc7 45. Rb3 Kf5 46. Ra3
Rd7 47. Rb3 f6 48. exf6 gxf6 49. Rb5+ Rd5 50. Rb3 Ke4 51. Rb4+ Rd4 52. Rb6 Rd3+
53. Kh2 Kf5 54. Ra6 Re3 55. Ra5+ $1 Kg4 56. Ra4 $1 f5 57. Ra8 {The position is
equal.} Kxf4 (57... Kxh4 $5 58. Rg8 $8 Re2 $11) 58. Rg8 Re2 59. Rg5 Ke4 (59...
e5 {with more complications.} 60. Rxh5 e4 61. Rg5 e3 62. Rg6 Rf2) 60. Rxh5 f4 {
[#] ...f3 is the strong threat.} 61. Kg1 e5 62. Rh8 Ra2 63. Re8 Kf5 64. h5 Ra6
65. g4+ Kxg4 {[#] Hoping for ...Kg3.} 66. Rxe5 Kg3 (66... f3 {seems wilder.}
67. Kf2 Ra2+ 68. Kf1 Ra8 69. Kf2 Ra2+) 67. Rg5+ Kf3 68. Rg6 Ra1+ (68... Ra5 {
feels hotter.} 69. h6 Rh5 70. Re6 Rh3 71. Rf6 Rh4) 69. Kh2 Ra5 70. Rh6 Ke2 71.
Kh3 f3 72. Re6+ Kf1 73. Kg4 Kg2 74. h6 f2 75. Re2 Kg1 (75... Rd5 {is more
complex.} 76. h7 Rd8 77. Rxf2+ Kxf2 78. Kg5 Kg3) 76. Rxf2 $1 Kxf2 {KR-KP} 77.
h7 Ra8 {( -> ...Rh8)} 78. Kg5 $1 Kf3 (78... Ke3 {looks sharper.} 79. Kh6 Kd4
80. Kg7 Ra7+ 81. Kg6 Ra8) 79. Kg6 Kg4 80. Kg7 Ra7+ 81. Kg6 Ra6+ 82. Kg7 Ra7+
83. Kg6 $1 Rxh7 84. Kxh7 {Weighted Error Value: White=0.04/Black=0.03} 1/2-1/2

[Event "36th European Club Cup 2021"]
[Site "Struga"]
[Date "2021.09.22"]
[Round "5.36"]
[White "Stankovic, Milos"]
[Black "Gjorgjieski, Dejan"]
[Result "1-0"]
[WhiteElo "2409"]
[BlackElo "2125"]
[Annotator "NA"]
[PlyCount "101"]
[EventDate "2021.09.18"]
[EventType "team-tourn"]
[EventCountry "MKD"]
[SourceTitle "playchess.com"]
[Source "ChessBase"]
[SourceQuality "1"]
[TimeControl "40/5400+30:1800+30"]

1. e4 {[%emt 0:01:07]} g6 {[%emt 0:01:09]} 2. d4 {[%emt 0:00:31]} Bg7 {[%emt 0:
00:05]} 3. Nc3 {[%emt 0:00:30]} d6 {[%emt 0:01:30]} 4. f4 {[%emt 0:00:41]} c6 {
[%emt 0:08:04]} 5. Nf3 {[%emt 0:04:22]} Nf6 {[%emt 0:08:21]} 6. Bd3 {[%emt 0:
02:22]} Na6 {[%emt 0:07:47]} 7. O-O {[%emt 0:06:02]} O-O {[%emt 0:02:41]} 8. e5
{[%emt 0:05:28]} Ne8 {[%emt 0:11:16]} 9. a3 {[%emt 0:06:06]} c5 {[%emt 0:08:38]
} 10. Be3 {[%emt 0:12:19]} cxd4 {[%emt 0:04:49]} 11. Bxd4 {[%emt 0:01:01]} d5 {
[%emt 0:16:04]} 12. Ng5 {[%emt 0:05:55]} h6 {[%emt 0:04:37]} 13. Nf3 {[%emt 0:
01:48]} Bf5 {[%emt 0:00:53]} 14. Bxf5 {[%emt 0:06:24]} gxf5 {[%emt 0:00:06]}
15. Qd3 {[%emt 0:00:18]} e6 {[%emt 0:00:25]} 16. Nb5 {[%emt 0:01:58]} b6 {
[%emt 0:02:03]} 17. b4 {[%emt 0:01:31]} Nac7 {[%emt 0:00:26]} 18. Nc3 {[%emt 0:
01:27]} Qd7 {[%emt 0:03:23]} 19. a4 {[%emt 0:02:54]} Qc6 {[%emt 0:00:53]} 20.
Nd1 {[%emt 0:00:50]} f6 {[%emt 0:02:55]} 21. Ne3 {[%emt 0:00:57]} fxe5 {
[%emt 0:00:57]} 22. fxe5 {[%emt 0:00:12]} Rf7 {[%emt 0:00:14]} 23. Nh4 {
[%emt 0:01:16]} Bf8 {[%emt 0:00:49]} 24. c3 {[%emt 0:00:49]} Be7 {[%emt 0:07:
01]} 25. Ng6 {[%emt 0:01:04]} Bg5 {[%emt 0:00:16]} 26. g4 {[%emt 0:04:18]} Ng7
{[%emt 0:00:13]} 27. gxf5 {[%emt 0:07:01]} Bxe3+ {[%emt 0:00:45]} 28. Qxe3 {
[%emt 0:00:13]} Nxf5 {[%emt 0:00:18]} 29. Rxf5 {[%emt 0:00:43]} exf5 {[%emt 0:
00:38]} 30. Qxh6 {[%emt 0:00:13]} Qxg6+ {[%emt 0:06:25]} 31. Qxg6+ {[%emt 0:00:
43]} Rg7 {[%emt 0:00:01]} 32. Qxg7+ {[%emt 0:01:31]} Kxg7 {[%emt 0:00:02]} 33.
a5 {[%emt 0:00:41]} b5 {[%emt 0:01:41]} 34. e6+ {[%emt 0:01:58]} Kg6 {[%emt 0:
00:49]} 35. Re1 {[%emt 0:00:13]} a6 {[%emt 0:00:11]} 36. Bb6 {[%emt 0:00:57]}
Ne8 {[%emt 0:00:45]} 37. Re5 {[%emt 0:00:10]} Rc8 {[%emt 0:00:17]} 38. Bd4 {
[%emt 0:00:56]} Nf6 {[%emt 0:00:53]} 39. e7 {[%emt 0:00:13]} Ne8 {[%emt 0:01:
05]} 40. Rxd5 {[%emt 0:00:00]} Kf7 {[%emt 0:00:00]} 41. Bc5 {[%emt 0:00:47]} f4
{[%emt 0:04:03]} 42. Rf5+ {[%emt 0:02:26]} Ke6 {[%emt 0:03:50]} 43. Rxf4 {
[%emt 0:00:06]} Rc6 {[%emt 0:00:45]} 44. h4 {[%emt 0:00:22]} Kd7 {[%emt 0:00:
42]} 45. Rd4+ {[%emt 0:00:14]} Ke6 {[%emt 0:01:55]} 46. h5 {[%emt 0:00:11]} Kf7
{[%emt 0:04:04]} 47. Rf4+ {[%emt 0:00:10]} Rf6 {[%emt 0:00:41]} 48. Rxf6+ {
[%emt 0:01:28]} Kxf6 {[%emt 0:03:04]} 49. h6 {[%emt 0:00:21]} Kg6 {[%emt 0:00:
22]} 50. Be3 {[%emt 0:00:08]} Kf7 {[%emt 0:00:54]} 51. Bg5 {[%emt 0:00:30]} 1-0

[Event "36th European Club Cup 2021"]
[Site "Struga"]
[Date "2021.09.22"]
[Round "5.37"]
[White "Mamedov, Rauf"]
[Black "Cornette, Matthieu"]
[Result "1-0"]
[WhiteElo "2654"]
[BlackElo "2578"]
[Annotator "TA"]
[PlyCount "101"]
[EventDate "2021.09.18"]
[EventType "team-tourn"]
[EventCountry "MKD"]
[SourceTitle "playchess.com"]
[Source "ChessBase"]
[SourceQuality "1"]

{[%evp 14,101,-8,-13,-12,-28,-27,-14,-21,-25,-24,-43,-31,-37,22,12,53,47,47,41,
48,47,48,25,76,76,78,78,75,79,161,163,156,150,150,135,177,167,158,153,226,234,
230,230,552,552,552,552,552,552,552,552,552,552,552,552,552,552,552,552,544,
541,552,544,537,537,526,526,519,519,519,519,519,519,519,512,512,512,512,512,
512,512,511,504,504,393,1022,436,994,860]} 1. Nf3 d5 2. g3 g6 3. c4 dxc4 4. Na3
Bg7 5. Nxc4 Nc6 6. Bg2 e5 7. d3 Nge7 8. O-O O-O {A20: English Opening: 1...e5.}
9. Bd2 a5 {The modern move.} 10. Rc1 f6 {The position is equal.} 11. a3 Be6 12.
b4 axb4 13. axb4 Nd5 (13... Na7 $15) 14. b5 $11 Nd4 15. Nxd4 exd4 16. e4 dxe3 {
[#]} 17. Nxe3 $146 ({Predecessor:} 17. fxe3 Qd7 18. Qb3 Nb6 19. Rfd1 Rad8 20.
Be1 Bh6 21. Bf2 Bd5 22. Nxb6 cxb6 23. Bxd5+ Qxd5 24. Qxd5+ Rxd5 {1-0 (60)
Pantsulaia,L (2597)-Meskovs,N (2557) Chess.com INT 2019}) 17... Rf7 18. Re1
Nxe3 (18... Qd7 $11 {remains equal.}) 19. Rxe3 $16 {Black is on the road to
losing.} Bd5 {[#]} 20. Re8+ $1 Qxe8 21. Bxd5 {Threatens to win with Rxc7.} Qxb5
(21... Rd8 $16 22. Qb3 Rdd7) 22. Bxf7+ $18 Kxf7 23. Rxc7+ Kg8 24. Qf3 Rd8 25.
Qe4 $1 {Intending Bh6! and mate.} ({Worse is} 25. Qxb7 Qxb7 26. Rxb7 Rxd3 $11)
({Not} 25. Rxb7 Qxd3 26. Qxd3 Rxd3 $11) 25... Re8 {[#]} 26. Qd4 h5 (26... Qb1+
$16 {is a better defense.} 27. Kg2 Qb5) 27. h4 Re6 28. Bb4 $40 {[%mdl 128]
White goes for the king.} b6 $2 (28... Kh8 29. Bc5 Qe8) 29. Rc8+ Kh7 {[#]} 30.
Qd8 $1 {[%cal Rd8g8] Threatening mate with Qg8+.} Qxb4 31. Qg8+ {[%mdl 64]
Double Attack} Kh6 32. Qxe6 {[%mdl 4096] Endgame KQR-KQB} Qb1+ 33. Kg2 Qxd3 34.
Rc7 {White threatens Qg8 and mate.} Qd8 35. Qe3+ Kh7 36. Qxb6 {Rxg7+! would
kill now.} Qd5+ 37. Kh2 {Hoping for Qxf6.} f5 38. Qf6 {[%csl Gc7][%cal Rf6g7]}
Qg8 39. Rf7 Kh6 40. Qe7 Kh7 41. Kg1 Kh8 42. Qb7 Kh7 43. Kf1 Kh6 44. Ke2 Qe8+
45. Re7 Qg8 46. Qc6 Qa2+ 47. Kf1 Qa1+ 48. Kg2 {And now Re6 would win.} Qf6 49.
Qd7 Qf8 $2 (49... Qd4 50. Qc6 Qf6) 50. Re6 (50. Re8 $142) 50... Qa8+ (50... Kh7
$142 51. Rb6 Qa8+ 52. Rc6 Qg8) 51. Rc6 {Weighted Error Value: White=0.15/
Black=0.20} 1-0

[Event "36th European Club Cup 2021"]
[Site "Struga"]
[Date "2021.09.22"]
[Round "5.38"]
[White "Delchev, Aleksander"]
[Black "Shevchenko, Kirill"]
[Result "0-1"]
[WhiteElo "2500"]
[BlackElo "2633"]
[Annotator "TA"]
[PlyCount "64"]
[EventDate "2021.09.18"]
[EventType "team-tourn"]
[EventCountry "MKD"]
[SourceTitle "playchess.com"]
[Source "ChessBase"]
[SourceQuality "1"]

{[%evp 12,64,31,17,41,37,29,31,35,37,41,41,39,33,32,35,36,37,37,31,38,27,48,33,
85,0,0,0,0,0,0,0,0,-34,-23,-62,-21,-56,-40,-54,-35,-239,-217,-261,-258,-244,
-258,-241,-215,-281,-300,-613,-583,-1970,-1992]} 1. e4 c5 2. Nf3 Nc6 3. Nc3 d6
4. d4 cxd4 5. Nxd4 Nf6 6. Bg5 e6 7. Qd3 Bd7 {B62: Sicilian: Richter-Rauzer: 6..
.e6: Unusual White 7th moves.} 8. Ndb5 {Threatens to win with 0-0-0.} Nb4 9.
Qd1 Qb8 {White is slightly better.} 10. Bf4 {[%cal Rb5d6]} e5 11. Bg5 {a3 is
the strong threat.} a6 12. Bxf6 gxf6 13. Na3 b5 {[#]} 14. Nab1 $146 ({
Predecessor:} 14. g3 Bg7 15. Bg2 O-O 16. O-O Qb6 17. Nab1 Rac8 18. a3 Nc6 19.
Nd5 Qd8 20. Qh5 {1-0 (55) Ter Sahakyan,S (2909)-David,A (2596) Chess.com INT
2020}) 14... Bg7 15. g3 O-O 16. a3 Nc6 17. Nd5 Ra7 ({Black should try} 17...
Qd8 $14) 18. Bg2 ({White should play} 18. Bd3 $1 $16) 18... f5 $11 19. exf5
Bxf5 20. O-O Kh8 21. Nd2 Be6 22. c3 f5 23. Qe2 Qe8 24. Rad1 e4 25. Nf4 Bg8 26.
f3 $2 {Now White is beyond hope.} (26. Qe3 $15) 26... e3 $19 27. Rfe1 Re7 28.
Nb1 Bc4 29. Qc2 {[#]} e2 $1 {[%cal Re2d1]} 30. Rc1 Bh6 {Hoping for ...Bxf4.}
31. b3 $2 (31. Nd2 Bxf4 32. gxf4) 31... Bxf4 32. gxf4 {[#]} Rg7 $1 {Weighted
Error Value: White=0.61/Black=0.05} 0-1